Name every Australian Federal Electorate - Statistics

General Stats
  • This quiz has been taken 3 times
  • The average score is 61 of 150
Answer Stats
Answer % Correct
Adelaide
100%
Canberra
100%
Melbourne
100%
Newcastle
100%
Perth
100%
Sydney
100%
Wills
100%
Ballarat
67%
Bass
67%
Bean
67%
Bendigo
67%
Brand
67%
Casey
67%
Chisholm
67%
Curtin
67%
Deakin
67%
Eden-Monaro
67%
Farrer
67%
Fisher
67%
Flinders
67%
Franklin
67%
Fraser
67%
Gippsland
67%
Goldstein
67%
Gorton
67%
Griffith
67%
Hawke
67%
Holt
67%
Hotham
67%
Indi
67%
Kennedy
67%
Kooyong
67%
La Trobe
67%
Lingiari
67%
Macquarie
67%
Mallee
67%
Menzies
67%
Monash
67%
Scullin
67%
Solomon
67%
Sturt
67%
Swan
67%
Whitlam
67%
Aston
33%
Banks
33%
Barker
33%
Barton
33%
Bennelong
33%
Berowra
33%
Blair
33%
Bonner
33%
Boothby
33%
Bowman
33%
Braddon
33%
Bruce
33%
Bullwinkel
33%
Burt
33%
Calare
33%
Calwell
33%
Canning
33%
Capricornia
33%
Chifley
33%
Clark
33%
Cooper
33%
Corangamite
33%
Corio
33%
Cowan
33%
Cowper
33%
Cunningham
33%
Dawson
33%
Dickson
33%
Dobell
33%
Dunkley
33%
Durack
33%
Fadden
33%
Fairfax
33%
Fenner
33%
Flynn
33%
Forde
33%
Forrest
33%
Fremantle
33%
Gilmore
33%
Grayndler
33%
Grey
33%
Groom
33%
Hasluck
33%
Herbert
33%
Hindmarsh
33%
Hinkler
33%
Hughes
33%
Hume
33%
Hunter
33%
Jagajaga
33%
Kingston
33%
Lalor
33%
Leichhardt
33%
Lilley
33%
Longman
33%
Lyne
33%
Lyons
33%
Macarthur
33%
Macnamara
33%
Makin
33%
Maranoa
33%
Mayo
33%
McEwen
33%
McMahon
33%
McPherson
33%
Moncrieff
33%
Moore
33%
Moreton
33%
Nicholls
33%
O'Connor
33%
Oxley
33%
Page
33%
Parkes
33%
Parramatta
33%
Paterson
33%
Pearce
33%
Petrie
33%
Rankin
33%
Richmond
33%
Riverina
33%
Robertson
33%
Ryan
33%
Shortland
33%
Spence
33%
Tagney
33%
Wannon
33%
Watson
33%
Werriwa
33%
Wide Bay
33%
Wright
33%
Birsbane
0%
Blaxland
0%
Bradfield
0%
Cook
0%
Fowler
0%
Gellibrand
0%
Greenway
0%
Issacs
0%
Kingsford Smith
0%
Lindsay
0%
Mackellar
0%
Maribyrong
0%
Mitchell
0%
New England
0%
Reid
0%
Warringah
0%
Wenthworth
0%
No matching quizzes found
Score Distribution
Percent of People with Each Score
Percentile by Number Answered
Your Score History
You have not taken this quiz